| 000 | 00704nam a22002057a 4500 | ||
|---|---|---|---|
| 003 | KOHA_MİRAKIL | ||
| 005 | 20260420125826.0 | ||
| 008 | 260420b tu ||||| |||| 00| 0 tur d | ||
| 040 |
_aTR-AnABB _btur _cTR-AnABB |
||
| 041 | _atur | ||
| 082 |
_a923.2 _bYAL 1976 |
||
| 100 | 1 | _aYalçın, Hüseyin Cahit | |
| 245 | 1 | 0 |
_aSiyasal anılar / _cHüseyin Cahit Yalçın ; baskıya hazırlayan: Rauf Mutluay |
| 260 |
_aİstanbul : _bTürkiye İş Bankası Kültür Yayınları, _c1976 |
||
| 300 |
_a312 sayfa ; _c20 cm |
||
| 490 | 0 |
_aTürkiye İş Bankası Kültür Yayınları ; _v157 |
|
| 650 | 0 | 4 | _aBiyografi, siyasetçiler |
| 700 | 1 |
_aMutluay, Rauf, _ehazırlayan _93533 |
|
| 942 |
_2ddc _cBK |
||
| 999 |
_c10302 _d10302 |
||
| 900 | _bCan ÇELIK | ||